La investigación científica (Registro nro. 13344)

Detalles MARC
000 -Cabecera
Campo de control interno 00430nam a2200181Ia 4500
005 - Fecha y hora del registro
control field 20260306164754.0
008 - Elementos de Longitud Fija
fixed length control field 260306t2000||||xx |||||||||||||| ||spa||
041 ## - Idioma
Codigo Idioma ESP
082 ## - DEWEY y NOTACIÓN INTERNA
Dewey 001.42
Notación Interna T21
100 ## - AUTOR
Autor denominación Tapia Fernández, Abel
Término de relación autor
245 #0 - TÍTULO DE MATERIAL BIBLIOGRÁFICO
Título La investigación científica
260 ## - CIUDAD, EDITORIAL, AÑO
Año 2000
300 ## - DESCRIPCIÓN
N° Páginas 247 páginas :
Dimensiones 22 cm.
650 ## - TEMAS
Temas Generalidades
654 ## - PROGRAMAS
Programa Dpto. de Humanidades
942 ## - ELEMENTOS DE KOHA
Tipo de documento Libro
Nombre del creador Justo Noguera
Código de catalogador Justo Noguera
Esquema de clasificación Dewey Decimal Classification
Suppress in OPAC
Existencias
Codigo completo Registro Colección Copia número Disponibilidad Tipo de préstamo Biblioteca Actual Procedencia (Biblioteca) Ubicacón Fecha Ingreso Tipo de Adquisición Date last seen Total checkouts Price effective from Tipo de Item Estado del Material Fuente de Clasificación Damaged status Withdrawn status
001.42 T21 U0003593 Universidad Católica San Pablo 10 Disponible Disponible Víctor Andrés Belaunde Víctor Andrés Belaunde Segundo piso 03/06/2026 Donación 06/03/2026   06/03/2026 Libro Bueno Dewey Decimal Classification    
001.42 T21 U0003600 Universidad Católica San Pablo   Disponible Disponible Víctor Andrés Belaunde Víctor Andrés Belaunde Segundo piso 14/03/2026 Compra 14/03/2026   14/03/2026 Libro Bueno Dewey Decimal Classification    
001.42 T21 U0003601 Universidad Católica San Pablo   Disponible Disponible Víctor Andrés Belaunde Víctor Andrés Belaunde Segundo piso 14/03/2026 Compra 14/03/2026   14/03/2026 Libro Bueno Dewey Decimal Classification    
001.42 T21 U0003596 Universidad Católica San Pablo   Disponible Disponible Víctor Andrés Belaunde Víctor Andrés Belaunde Segundo piso 14/03/2026 Compra 14/03/2026   14/03/2026 Libro Bueno Dewey Decimal Classification    
001.42 T21 U0003599 Universidad Católica San Pablo   Disponible Disponible Víctor Andrés Belaunde Víctor Andrés Belaunde Segundo piso 14/03/2026 Compra 14/03/2026   14/03/2026 Libro Bueno Dewey Decimal Classification    
001.42 T21 U0003598 Universidad Católica San Pablo   Disponible Disponible Víctor Andrés Belaunde Víctor Andrés Belaunde Segundo piso 14/03/2026 Compra 14/03/2026   14/03/2026 Libro Bueno Dewey Decimal Classification    
001.42 T21 U0003597 Universidad Católica San Pablo   Disponible Disponible Víctor Andrés Belaunde Víctor Andrés Belaunde Segundo piso 14/03/2026 Compra 14/03/2026   14/03/2026 Libro Bueno Dewey Decimal Classification    
001.42 T21 U0019163 Universidad Católica San Pablo   Disponible Disponible Víctor Andrés Belaunde Víctor Andrés Belaunde Segundo piso 14/03/2026 Compra 14/03/2026   14/03/2026 Libro Bueno Dewey Decimal Classification